[Event "Cagliari Alfa Lum op 3rd"]
[Site "Cagliari"]
[Date "2012.09.01"]
[Round "3"]
[White "Picciau, Marta"]
[Black "Marchionni, Daniele"]
[Result "1-0"]
[WhiteElo "1620"]
[BlackElo "1380"]
[PlyCount "63"]
[EventDate "2012.08.31"]
[EventType "swiss"]
[EventRounds "6"]
[EventCountry "ITA"]
[SourceTitle "EXT 2014"]
[Source "ChessBase"]
[SourceDate "2013.11.20"]
[SourceVersion "1"]
[SourceVersionDate "2013.11.20"]
[SourceQuality "1"]

1. c4 e6 2. Nc3 Nf6 3. d4 d5 4. Bg5 Be7 5. e3 0-0 6. Bd3 c5 7. Nf3 Nc6 8. cxd5 exd5 9. dxc5 d4 10. Nxd4 Nxd4 11. exd4 Qxd4 12. Bxh7+ Kxh7 13. Qxd4 Rd8 14. Qh4+ Kg8 15. 0-0 Be6 16. Rfe1 Rd7 17. Rad1 Rad8 18. h3 Bxc5 19. Bxf6 gxf6 20. Qxf6 Be7 21. Qf3 Bb4 22. Rxd7 Rxd7 23. Qg3+ Kf8 24. a3 Bd6 25. Qe3 a6 26. Rc1 Bc7 27. Qh6+ Ke7 28. Rd1 Rxd1+ 29. Nxd1 b6 30. h4 Be5 31. Qg5+ Bf6 32. Qf4 1-0

[Event "Sardegna Region-ch"]
[Site "Capoterra"]
[Date "2012.05.19"]
[Round "1"]
[White "Toniolo, Massimo"]
[Black "Picciau, Marta"]
[Result "0-1"]
[WhiteElo "1785"]
[BlackElo "1521"]
[PlyCount "82"]
[EventDate "2012.05.19"]
[EventType "swiss"]
[EventRounds "6"]
[EventCountry "ITA"]
[SourceTitle "EXT 2014"]
[Source "ChessBase"]
[SourceDate "2013.11.20"]
[SourceVersion "1"]
[SourceVersionDate "2013.11.20"]
[SourceQuality "1"]

1. d4 d5 2. c4 e6 3. Nc3 c6 4. e3 Bd6 5. Nf3 Nd7 6. cxd5 exd5 7. Bd3 Ngf6 8. Qc2 0-0 9. 0-0 Re8 10. e4 dxe4 11. Nxe4 Nxe4 12. Bxe4 h6 13. Be3 Nf6 14. Bd3 Nd5 15. Qd2 Qc7 16. h3 Bd7 17. a3 Rad8 18. Bxh6 gxh6 19. Qxh6 Be6 20. Ng5 Bf4 21. Bh7+ Kh8 22. Bg6+ Kg8 23. Bh7+ Kh8 24. Bg6+ Kg8 25. Qh7+ Kf8 26. Nxf7 Bxf7 27. Qh8+ Ke7 28. Rfe1+ Kd6 29. Rxe8 Rxe8 30. Qh5 Bxg6 31. Qxg6+ Kd7 32. g3 Bd6 33. h4 Re6 34. Qf5 Ne7 35. Qf7 Re4 36. Rd1 Qb6 37. h5 Re6 38. g4 Qxb2 39. g5 Qe2 40. Rb1 Qg4+ 41. Kf1 Qh3+ 0-1